000 00671nam a2200193Ia 4500
008 151121s9999||||xx |||||||||||||| ||und||
082 _a920/पांडे
082 _bHNW-112771
100 _aपांडे सुरुचि
245 _aमाझा देश माझी माणस
260 _b"मनोविकास प्रकाशन, मुंबई।"
260 _c2012
300 _a239
600 _aपांडे सुरुचि
630 _aमाझा देश माझी माणस
700 _aपांडे सुरुचि
730 _aमाझा देश माझी माणस
942 _cBOOK
999 _c1262045
_d1262042